Engineering manufacturing processes in machine and assembly shops (Record no. 16380)

000 -LEADER
fixed length control field 00651nam a22002051 4500
001 - CONTROL NUMBER
control field 16380
003 - CONTROL NUMBER IDENTIFIER
control field BD-DhUET
008 - FIXED-LENGTH DATA ELEMENTS--GENERAL INFORMATION
fixed length control field 700716s1967 ru a 000 0 eng
040 ## - CATALOGING SOURCE
Original cataloging agency DLC
Transcribing agency DLC
Modifying agency BD-DhUET
082 00 - DEWEY DECIMAL CLASSIFICATION NUMBER
Classification number 621.9
Item number MAS/1967
100 ## - MAIN ENTRY--PERSONAL NAME
Personal name Maslov, D.
245 10 - TITLE STATEMENT
Title Engineering manufacturing processes in machine and assembly shops
Statement of responsibility, etc. by D. Maslov, V. Danilevsky, and V. Sasov. Translated from the Russian by Nicholas Weinstein.
250 ## - EDITION STATEMENT
Edition statement 1st ed.
260 ## - PUBLICATION, DISTRIBUTION, ETC. (IMPRINT)
Place of publication, distribution, etc. Moscow
Name of publisher, distributor, etc. MIR Publishers
Date of publication, distribution, etc. 1967
300 ## - PHYSICAL DESCRIPTION
Extent 420 p.
Other physical details illus.
Dimensions 23 cm.
650 #0 - SUBJECT ADDED ENTRY--TOPICAL TERM
Topical term or geographic name as entry element Transmission electrical power
700 ## - ADDED ENTRY--PERSONAL NAME
Personal name Danilevsky, V.
700 ## - ADDED ENTRY--PERSONAL NAME
Personal name Sasov, V.
942 ## - ADDED ENTRY ELEMENTS (KOHA)
Koha item type General Book
Holdings
Koha date last seen Withdrawn status Lost status Location (home branch) Koha normalized classification for sorting Koha full call number Piece designation (barcode) Source of classification or shelving scheme Date acquired Damaged status Copy number Shelving location Not for loan Price effective from Sublocation or collection (holding branch) Koha item type
2015-03-19  Central Library, BUET621_900000000000000_MAS_1967621.9/MAS/196713960 2015-03-19 1Circulation section 2015-03-19Central Library, BUETGeneral Book
2015-03-19  Central Library, BUET621_900000000000000_MAS_1967621.9/MAS/196721611 2015-03-19 2Circulation section 2015-03-19Central Library, BUETGeneral Book
2015-03-19  Central Library, BUET621_900000000000000_MAS_1967621.9/MAS/196713328 2015-03-19 3Circulation section 2015-03-19Central Library, BUETGeneral Book
2015-03-19  Central Library, BUET621_900000000000000_MAS_1967621.9/MAS/196737200 2015-03-19 4Circulation section 2015-03-19Central Library, BUETGeneral Book
2016-10-04  Central Library, BUET621_900000000000000_MAS_1967621.9/MAS/196713961 2015-03-19 5Circulation section 2015-03-19Central Library, BUETGeneral Book
2015-03-19  Central Library, BUET621_900000000000000_MAS_1967621.9/MAS/196713329 2015-03-19 6Circulation section 2015-03-19Central Library, BUETGeneral Book